Music Quiz

Random Music or Album Quiz

Arcade Fire Songs Quiz Stats

Quiz not verified by Sporcle

Challenge
Share
Tweet
Embed
Score 0/28 Timer 07:00
0 Plays Today
First Line(s) of Song Song % Correct
We know a place where no planes go...No Cars Go
81.8%
Alexander, our older brother, set out for a great adventure.Neighborhood #2 (Laika)
79.9%
Somethin' filled up my heart with nothin', someone told me not to cryWake Up
77%
...we know a place where no ships goNo Cars Go
74.4%
~~~~ that keeps me, from dancing with the one I love, but my mind holds the keyMy Body Is a Cage
72.8%
And if the snow, buries my, my ~~~~Neighborhood #1 (Tunnels)
70.6%
I woke up with the ~~~~, not really something to shout aboutNeighborhood #3 (Power Out)
70.3%
Sleeping is giving in, no matter what the time is, sleeping is giving in, so lift those heavy eyelidsRebellion (Lies)
69.6%
~~~~, mon pays, wounded mother I'll never see.Haiti
69%
The king's taken back the throne, the useless seed is sownIntervention
68.4%
They say it fades if you let it, love was made to forget itCrown Of Love
68.1%
I like the peace, ~~~~, I don't have to drive, I don't have to speakIn the Backseat
66.5%
I don't want to work in a building downtown, no I don't want to work in a building downtown(Antichrist Television Blues)
63.9%
Every night my dream's the same, same old story with a different nameKeep the Car Running
61.3%
First Line(s) of Song Song % Correct
Don't want to hear the noises on TV, don't want the salesmen coming after meWindowsill
61.3%
A vial of hope and a vial of pain, in the light they both looked the sameNeon Bible
58.1%
I walked down to the ocean, after waking from a nightmare, no moon no pale reflection, ~~~~, ~~~~Black Mirror
54.6%
In a(n) ~~~~, I first heard your voice, ringing like a bell, as if I had a choice, oh wellOcean of Noise
54.6%
I am waiting 'til I don't know when, 'cause I'm sure its gonna happen thenNeighborhood #4 (7 Kettles)
54%
I'm serving time, all for a crime I did commit, you want the truth?The Well and The Lighthouse
48.9%
Hey, the streetlights all burnt out, ~~~~Une Annee Sans Lumiere
47.9%
We can reach the sea, they won't follow me, shadows they fear the sun, we'll make it if we runBlack Wave/Bad Vibrations
45.7%
The red ones mean you're leaving, the white ones mean returningHeadlights Look Like Diamonds
38%
You wanna be set apart? Burn all of your art, repair the wasteful partVampire/Forest Fire
27.2%
I admit I'm full of s***, that's how I know I love youMy Heart is an Apple
26.5%
You knew in five minutes, but I knew in a senteceOld Flame
24.6%
She's gone to the sea, she's fightin' for me, what bravery!I'm Sleeping in a Submarine
21.1%
I guess we'll have to move, the neighborhood is on to usThe Woodland National Anthem
17.3%

You're not logged in!

Compare scores with friends on all Sporcle quizzes.
Join for Free
OR
Log In

You Might Also Like...

Show Comments

Extras

Top Quizzes Today


Score Distribution

Your Account Isn't Verified!

In order to create a playlist on Sporcle, you need to verify the email address you used during registration. Go to your Sporcle Settings to finish the process.

Report this User

Report this user for behavior that violates our Community Guidelines.

Details: